000 00320nam a2200121Ia 4500
008 150202s9999 xx 000 0 und d
050 _aFIC
_bFIC
100 _aBenchley, Peter.
245 _aJaws /
_cPeter Benchley.
260 _aNew York :
_bBantam Books,
_c1974.
300 _a309 pages :
_c18 cm.
650 _aFiction.
999 _c281846
_d281846